000 00944nam a2200277 a 4500
001 10317
003 BD-RjUL
005 20211208234932.0
008 170504s1959 ne a b 001 0 eng d
035 _a(BD-RjUL)10365
035 _a(OCoLC)3641628
040 _aDLC
_cTxCM
_dUk
_dDLC
_dBD-RjUL
_beng
041 _aeng
082 0 0 _a553.95
_223
_bPAT 1959
100 1 _aPattison, Frederick Lewis Maitland,
_d1923-
_931874
245 1 0 _aToxic aliphatic fluorine compounds /
_cF L M Pattison; With a foreword by Rudolph A. Peters.
260 _aAmsterdam ;
_aNew York :
_bElsevier,
_cc1959.
300 _axi, 227 p. :
_bill. ;
_c20 cm.
490 0 _aElsevier monographs. Industrial toxic agents,
_v1
504 _aIncludes bibliographies.
650 0 _aFluorine
_xToxicology.
_931875
700 _aPeters, Rudolph A.
_9211591
830 _aElsevier monographs. Industrial toxic agents,
_v1
_9207735
942 _2ddc
_cBK
999 _c10317
_d10317